00638nam a22002057a 450000500170000000800410001701000140005802000230007202000260009503500130012103700150013404000180014908200110016710000200017824500650019826000410026327000480030430000280035250000520038020090504104614.0090504t xxu||||| |||| 00| 0 eng d aENG-93398 a8188683329c580.00 a9788188683321c580.00 aEN-76931 bDBAD / PUB adplbEnglish  a331.11 aHassan Rangriz  aHuman resource in the globalized world /cby Hassan Rangriz  aDelhi bAbhijeet Publications c2004 a2/46 Tukhmeerpur Extension bDelhi e110094 axvi, 264p. c22cm (Hb)  aIncludes bibliographical references and index